Hodnotenie výkonnosti výrobného podniku bakalárska práca

Saved in:
Bibliographic Details
Main Author: Novosad, Dominik
Corporate Author: Fakulta podnikového manažmentu EU. Katedra podnikovohospodárska
Other Authors: Uhliar, Miroslav, 1981-
Format: Book
Language:Slovak
Published: Bratislava 2023
Tags: Add Tag
No Tags, Be the first to tag this record!

MARC

LEADER 00000nbm a2200000 4500
001 0293534
005 20240417130814.9
041 0 |a slo 
044 |a SK 
245 1 0 |a Hodnotenie výkonnosti výrobného podniku  |b bakalárska práca  |c Dominik Novosad ; školiteľ: Miroslav Uhliar 
264 1 |a Bratislava  |c 2023 
300 |a 52 s. 
100 1 |a Novosad, Dominik 
700 1 |a Uhliar, Miroslav, 1981- 
710 2 |a Fakulta podnikového manažmentu EU. Katedra podnikovohospodárska